Què passa a les escoles bressol? : comparació d'escoles bressol a Espanya, Itàlia i el Regne Unit / Helen Penn comparació d'escoles bressol a Espanya, Itàlia i el Regne Unit / Helen Penn
Descripción Física:
98 p. ; 22 cm
Colección:
Temes d'infància ; 28, 29
Materias:
Escoles bressol
MARC
| LEADER | 00000nam a2200000Ia 4500 | ||
|---|---|---|---|
| 001 | 11742 | ||
| 008 | 160829s1997 xx 000 0 cat d | ||
| 080 | |a E-1-203 | ||
| 100 | |a Penn, Helen |9 29159 | ||
| 245 | |a Què passa a les escoles bressol? : |b comparació d'escoles bressol a Espanya, Itàlia i el Regne Unit / Helen Penn | ||
| 260 | |a Barcelona : |b Associació de Mestres Rosa Sensat : |b Diputació de Barcelona, |c 1997 | ||
| 300 | |a 98 p. ; |c 22 cm | ||
| 490 | |a Temes d'infància ; 28, 29 | ||
| 650 | |a Escoles bressol |9 29145 | ||
| 710 | 1 | |a Barcelona (Catalunya : Província). |b Diputació |9 52408 | |
| 710 | 2 | |a Rosa Sensat (Associació) |9 54183 | |
| 901 | |a Arxiu | ||
| 942 | |n 1 | ||
| 952 | |0 0 |1 0 |4 0 |6 E1203 |7 1 |9 45082 |a Arxiu |b Arxiu |d 2016-12-01 |l 0 |o E-1-203 |p 11742 |r 2016-12-01 00:00:00 |w 2016-12-01 |y ARXIU | ||
| 999 | |c 47702 |d 47702 | ||